[Event "Chateauroux op 15th"]
[Site "Chateauroux"]
[Date "2014.10.26"]
[Round "2"]
[White "Laudat, Philippe"]
[Black "Kessler, Stefan"]
[Result "0-1"]
[WhiteElo "1533"]
[BlackElo "2023"]
[PlyCount "56"]
[EventDate "2014.10.25"]
[EventType "swiss"]
[EventRounds "7"]
[EventCountry "FRA"]
[SourceTitle "EXT 2015"]
[Source "ChessBase"]
[SourceDate "2014.11.20"]
[SourceVersion "1"]
[SourceVersionDate "2014.11.20"]
[SourceQuality "1"]

1. d4 Nf6 2. Bf4 g6 3. e3 Bg7 4. Nf3 0-0 5. Nbd2 d5 6. c4 c5 7. Be2 Nc6 8. 0-0 Qb6 9. Qb3 Rd8 10. dxc5 Qxc5 11. cxd5 Nxd5 12. Rac1 Qb4 13. Rc4 Qxb3 14. Nxb3 Nxf4 15. Rxf4 Bxb2 16. Bc4 e6 17. Ng5 Ne5 18. Be2 b6 19. Nd4 Bb7 20. Bf3 Bxf3 21. Ndxf3 Nxf3+ 22. Rxf3 Rd7 23. h4 h6 24. Ne4 Rad8 25. Rb1 Be5 26. g3 Rd1+ 27. Rxd1 Rxd1+ 28. Kg2 f5 0-1

[Event "FRA-ch op-D"]
[Site "Pau"]
[Date "2012.08.24"]
[Round "10"]
[White "Laudat, Philippe"]
[Black "Apap, Titouan"]
[Result "1-0"]
[WhiteElo "1490"]
[BlackElo "1420"]
[PlyCount "55"]
[EventDate "2012.08.14"]
[EventType "swiss"]
[EventRounds "11"]
[EventCountry "FRA"]
[SourceTitle "EXT 2014"]
[Source "ChessBase"]
[SourceDate "2013.11.20"]
[SourceVersion "1"]
[SourceVersionDate "2013.11.20"]
[SourceQuality "1"]

1. d4 d5 2. Bf4 Nf6 3. e3 Bf5 4. Nf3 h6 5. h3 e6 6. Be2 Be7 7. Nbd2 Nc6 8. a3 Ne4 9. Nxe4 Bxe4 10. Bd3 Bd6 11. Bxe4 dxe4 12. Bxd6 exf3 13. Bg3 fxg2 14. Rg1 Qe7 15. Rxg2 0-0-0 16. Qf3 Kb8 17. 0-0-0 f6 18. d5 exd5 19. Rxd5 Qe6 20. Rxd8+ Rxd8 21. Kb1 Na5 22. Rg1 Nc4 23. Bxc7+ Kxc7 24. Rxg7+ Rd7 25. Rxd7+ Qxd7 26. Qxf6 Qd6 27. Qf7+ Kb6 28. Qxc4 1-0

[Event "FRA-ch op-D"]
[Site "Pau"]
[Date "2012.08.23"]
[Round "9"]
[White "Baudry, Clement"]
[Black "Laudat, Philippe"]
[Result "1-0"]
[WhiteElo "1478"]
[BlackElo "1490"]
[PlyCount "129"]
[EventDate "2012.08.14"]
[EventType "swiss"]
[EventRounds "11"]
[EventCountry "FRA"]
[SourceTitle "EXT 2014"]
[Source "ChessBase"]
[SourceDate "2013.11.20"]
[SourceVersion "1"]
[SourceVersionDate "2013.11.20"]
[SourceQuality "1"]

1. e4 e5 2. Nf3 d6 3. Bc4 Bg4 4. c3 Bxf3 5. Qxf3 Nf6 6. d3 Be7 7. Be3 0-0 8. Nd2 Nc6 9. Bb3 Na5 10. Bc2 Nc6 11. Bb3 Na5 12. Bc2 Nc6 13. Qg3 Qc8 14. h3 b5 15. 0-0 b4 16. Rab1 Rb8 17. Ba4 Nd8 18. d4 Qa6 19. Bb3 Qb7 20. d5 c5 21. Bh6 g6 22. Bxf8 Bxf8 23. Qe3 Qd7 24. Bd1 bxc3 25. bxc3 Rxb1 26. Nxb1 Qb7 27. Be2 a5 28. Qd2 Nxe4 29. Qd3 Nf6 30. Bf3 Qe7 31. Nd2 Bh6 32. Ne4 Nxe4 33. Qxe4 f5 34. Qa4 e4 35. Be2 Qa7 36. Qe8+ Bf8 37. Qxd8 Qg7 38. Qxa5 Qh6 39. c4 e3 40. f3 Qf4 41. Qe1 Qd4 42. a4 Bh6 43. g3 g5 44. g4 fxg4 45. fxg4 Bg7 46. Qg3 Be5 47. Qf3 Bf4 48. h4 h6 49. a5 Qb2 50. a6 Qa2 51. a7 Qxa7 52. Qe4 Qa2 53. Qg6+ Kf8 54. Qxh6+ Ke7 55. Qe6+ Kd8 56. Qf6+ Ke8 57. Qg6+ Kf8 58. Qd3 Qb2 59. hxg5 Qe5 60. Qf5+ Ke7 61. Qxf4 Qb2 62. Qf7+ Kd8 63. Qf8+ Kc7 64. Rf7+ Kb6 65. Qb8+ 1-0

[Event "FRA-ch op-D"]
[Site "Pau"]
[Date "2012.08.17"]
[Round "4"]
[White "Laudat, Philippe"]
[Black "Charpentier, Bruno"]
[Result "1-0"]
[WhiteElo "1490"]
[BlackElo "1463"]
[PlyCount "65"]
[EventDate "2012.08.14"]
[EventType "swiss"]
[EventRounds "11"]
[EventCountry "FRA"]
[SourceTitle "EXT 2014"]
[Source "ChessBase"]
[SourceDate "2013.11.20"]
[SourceVersion "1"]
[SourceVersionDate "2013.11.20"]
[SourceQuality "1"]

1. d4 d5 2. Bf4 Nf6 3. e3 Bf5 4. Nd2 c6 5. Ngf3 Nbd7 6. c4 e6 7. cxd5 cxd5 8. Be2 Be7 9. Rc1 Rc8 10. 0-0 h6 11. Ne5 0-0 12. Ng4 Nxg4 13. Bxg4 Bxg4 14. Qxg4 Nf6 15. Qe2 Qd7 16. Nf3 Bd6 17. Ne5 Bxe5 18. Bxe5 Ne4 19. Qg4 f6 20. Bf4 g5 21. Bg3 Qf7 22. Qe2 h5 23. h3 f5 24. Be5 g4 25. hxg4 hxg4 26. f3 gxf3 27. Qxf3 Qg6 28. Qe2 Kf7 29. Qb5 Kg8 30. Rxc8 Rxc8 31. Qxb7 Rc2 32. Qb8+ Kh7 33. Qh8# 1-0

[Event "Pays de Loire-chT"]
[Site "Cholet"]
[Date "2009.??.??"]
[Round "6"]
[White "Laudat, Philippe"]
[Black "Secher, Pierre"]
[Result "1-0"]
[WhiteElo "1405"]
[BlackElo "1660"]
[PlyCount "124"]
[EventDate "2009.06.??"]
[EventType "team-tourn"]
[EventRounds "6"]
[EventCountry "FRA"]
[SourceTitle "EXT 2010"]
[Source "ChessBase"]
[SourceDate "2010.11.25"]
[SourceVersion "1"]
[SourceVersionDate "2010.11.25"]
[SourceQuality "1"]

1. d4 Nf6 2. Bf4 d5 3. e3 e6 4. Nf3 c5 5. c3 Nc6 6. Bb5 Bd7 7. Bxc6 Bxc6 8. 0-0 Bd6 9. Bxd6 Qxd6 10. Ne5 Bb5 11. Re1 0-0 12. Nd2 b6 13. Rc1 Ba6 14. b3 Rac8 15. c4 Bb7 16. cxd5 Qxd5 17. Ndf3 Ne4 18. Nc4 f6 19. dxc5 Rxc5 20. Qxd5 Rxd5 21. Nd4 Nc5 22. Red1 Rfd8 23. b4 Ne4 24. f3 Ng5 25. Re1 e5 26. Nf5 R5d7 27. e4 g6 28. Nfe3 Ne6 29. Ng4 Kg7 30. a4 h5 31. Nge3 Nf4 32. Rb1 Rc7 33. g3 Ne6 34. b5 Bc8 35. Rbc1 Nd4 36. Kf2 Be6 37. Nd5 Bxd5 38. exd5 Rxd5 39. Ne3 Rdc5 40. Rxc5 Rxc5 41. f4 e4 42. Rd1 Nc2 43. Nxc2 Rxc2+ 44. Ke3 f5 45. Rd7+ Kh6 46. Rxa7 Rc3+ 47. Kd4 Rd3+ 48. Ke5 Rd2 49. Kf6 Rd6+ 50. Ke7 Rd2 51. Kf7 g5 52. h4 gxf4 53. gxf4 Rg2 54. Kf6 Rg4 55. Kxf5 Rxh4 56. Kxe4 Kg6 57. Rb7 Rh1 58. Rxb6+ Kg7 59. f5 h4 60. Kf4 Rg1 61. Rg6+ Rxg6 62. fxg6 Kxg6 1-0

[Event "FRA-ch op-D"]
[Site "Pau"]
[Date "2008.08.17"]
[Round "6"]
[White "Laudat, Philippe"]
[Black "Van den Abeele, Hendrik"]
[Result "1-0"]
[WhiteElo "1457"]
[BlackElo "1499"]
[PlyCount "109"]
[EventDate "2008.08.11"]
[EventType "swiss"]
[EventRounds "9"]
[EventCountry "FRA"]
[SourceTitle "CBM 126 Extra"]
[Source "ChessBase"]
[SourceDate "2008.11.05"]
[SourceVersion "1"]
[SourceVersionDate "2008.11.05"]
[SourceQuality "1"]

1. d4 d5 2. Bf4 Nf6 3. e3 Bf5 4. Bd3 Be4 5. Bxe4 Nxe4 6. Nd2 Nf6 7. Qe2 e6 8. Qb5+ Nbd7 9. Qxb7 Bd6 10. Bxd6 cxd6 11. Qb3 0-0 12. Ngf3 a5 13. c3 a4 14. Qc2 e5 15. 0-0 Re8 16. Kh1 Nb6 17. Ng1 Nh5 18. Qd1 Nf6 19. Ne2 Ng4 20. Nf3 f5 21. Nd2 Qh4 22. h3 Nxf2+ 23. Rxf2 Qxf2 24. Nf1 Nc4 25. Neg3 f4 26. dxe5 Rxe5 27. exf4 Qxf4 28. Qc2 h5 29. Qg6 Qg5 30. Qc2 h4 31. Ne2 Rae8 32. Nd4 Re1 33. Nf3 Ne3 34. Rxe1 Qf4 35. Nxe3 Rxe3 36. Rxe3 Qxe3 37. Qd2 Qe4 38. b3 axb3 39. axb3 Qb1+ 40. Qe1 Qxb3 41. Ng5 g6 42. Qe7 Qb1+ 43. Kh2 Qf5 44. Qe6+ Kg7 45. Qxf5 gxf5 46. Nf3 Kg6 47. Kg1 f4 48. Kf1 Kf5 49. Ke2 Ke4 50. Kd2 Kf5 51. Kd3 Ke6 52. Nxh4 Ke5 53. Nf3+ Kf5 54. Kd4 Kf6 55. Kxd5 1-0